[Event "UKR-ch (Women) 82nd"]
[Site "Poltava"]
[Date "2023.12.14"]
[Round "6"]
[White "Sharova, Elyzaveta"]
[Black "Minaeva, Juliana"]
[Result "0-1"]
[WhiteElo "1596"]
[BlackElo "1770"]
[PlyCount "102"]
[EventDate "2023.12.09"]
[EventType "swiss"]
[EventRounds "9"]
[EventCountry "UKR"]
[SourceTitle "CB51_2023"]
[SourceDate "2023.12.20"]
[SourceVersion "1"]
[SourceVersionDate "2023.12.20"]
[SourceQuality "1"]

1. c4 e6 2. g3 d5 3. Bg2 Nf6 4. Nf3 Be7 5. 0-0 0-0 6. d4 dxc4 7. Qa4 a6 8. Qxc4 b5 9. Qc2 Bb7 10. e3 Nbd7 11. a3 c5 12. Nbd2 Rc8 13. dxc5 Nxc5 14. Qd1 Qb6 15. b4 Na4 16. Nb3 Rfd8 17. Bd2 Be4 18. Nbd4 Bd3 19. Re1 Qb8 20. Rc1 Bc4 21. Rxc4 Rxc4 22. Qa1 Ne4 23. Bc1 Bf6 24. Bb2 Nxb2 25. Qxb2 Rdc8 26. Qb1 Nc3 27. Qb3 Na4 28. Qb1 Qc7 29. Ne2 Nc3 30. Nxc3 Rxc3 31. Nd2 Rxa3 32. Ne4 Bc3 33. Nxc3 Rxc3 34. Bf1 Rc1 35. Rxc1 Qxc1 36. Qa2 Qc6 37. Bg2 Qd6 38. Bf3 Qxb4 39. Qxa6 Rc1+ 40. Kg2 g6 41. Be2 Qe4+ 42. Kh3 b4 43. Qa4 Rg1 44. Qe8+ Kg7 45. Qb5 Qf5+ 46. Qxf5 exf5 47. Bc4 Rc1 48. Bd5 Rb1 49. e4 b3 50. exf5 b2 51. fxg6 hxg6 0-1

[Event "UKR-ch (Women) 82nd"]
[Site "Poltava"]
[Date "2023.12.10"]
[Round "2"]
[White "Zavezion, Nika"]
[Black "Minaeva, Juliana"]
[Result "0-1"]
[WhiteElo "1365"]
[BlackElo "1770"]
[PlyCount "60"]
[EventDate "2023.12.09"]
[EventType "swiss"]
[EventRounds "9"]
[EventCountry "UKR"]
[SourceTitle "CB51_2023"]
[SourceDate "2023.12.20"]
[SourceVersion "1"]
[SourceVersionDate "2023.12.20"]
[SourceQuality "1"]

1. c4 e6 2. g3 d5 3. cxd5 exd5 4. d4 Nf6 5. Bg2 Be7 6. Nf3 0-0 7. 0-0 c6 8. Bf4 Bf5 9. Nc3 Nbd7 10. Rc1 Qb6 11. Qd2 Bb4 12. Nh4 Be4 13. f3 Bg6 14. Nxg6 hxg6 15. a3 Bxc3 16. bxc3 Qa6 17. Bd6 Rfe8 18. e4 dxe4 19. fxe4 Nxe4 20. Bxe4 Rxe4 21. Qa2 Nf6 22. Be5 Re2 23. Qb3 Qd3 24. Bf4 Rae8 25. Qb1 Qc4 26. Rc2 Ng4 27. h3 Qd5 28. Rxe2 Rxe2 29. Rf3 Qxf3 30. Qf1 Qe4 0-1

[Event "EU-ch U18 Girls rapid"]
[Site "Terme Catez"]
[Date "2023.09.29"]
[Round "7"]
[White "Mihelic, Vesna"]
[Black "Minaeva, Juliana"]
[Result "1/2-1/2"]
[WhiteElo "1930"]
[BlackElo "1701"]
[PlyCount "63"]
[EventDate "2023.09.28"]
[EventType "swiss (rapid)"]
[EventRounds "9"]
[EventCountry "SLO"]
[SourceTitle "EXT 2024"]
[Source "ChessBase"]
[SourceDate "2023.10.10"]
[SourceVersion "1"]
[SourceVersionDate "2023.10.10"]
[SourceQuality "1"]

1. e4 c5 2. Nf3 d6 3. d4 cxd4 4. Qxd4 a6 5. h3 Nc6 6. Qe3 Nf6 7. c4 g6 8. Nc3 Bg7 9. Be2 0-0 10. 0-0 Nd7 11. b3 Qb6 12. Qd2 Nd4 13. Bb2 Nxe2+ 14. Qxe2 Qa5 15. Nd5 Re8 16. Rfd1 Bxb2 17. Qxb2 b5 18. Rac1 bxc4 19. Rxc4 Nb6 20. Nxb6 Qxb6 21. e5 dxe5 22. Nxe5 Be6 23. Rc6 Qb5 24. Rdc1 Rad8 25. R6c5 Qb6 26. Qe2 Rd5 27. Rxd5 Bxd5 28. Ng4 Ba8 29. Qe5 f6 30. Qc5 Qb7 31. Ne3 Rd8 32. Qc4+ 1/2-1/2

[Event "EU-ch U18 Girls rapid"]
[Site "Terme Catez"]
[Date "2023.09.29"]
[Round "6"]
[White "Minaeva, Juliana"]
[Black "Sulyok, Eszter"]
[Result "1-0"]
[WhiteElo "1701"]
[BlackElo "1857"]
[PlyCount "117"]
[EventDate "2023.09.28"]
[EventType "swiss (rapid)"]
[EventRounds "9"]
[EventCountry "SLO"]
[SourceTitle "EXT 2024"]
[Source "ChessBase"]
[SourceDate "2023.10.10"]
[SourceVersion "1"]
[SourceVersionDate "2023.10.10"]
[SourceQuality "1"]

1. e4 e5 2. Nf3 Nc6 3. Nc3 Nf6 4. Bb5 Nd4 5. Nxd4 exd4 6. e5 dxc3 7. exf6 Qxf6 8. dxc3 c6 9. Bd3 d5 10. 0-0 Be7 11. Be3 0-0 12. Bd4 Qd6 13. f4 Bf6 14. Bxf6 Qxf6 15. Qh5 h6 16. Rae1 Bd7 17. Qe5 Qxe5 18. Rxe5 Rfe8 19. Rfe1 Kf8 20. Kf2 b6 21. c4 d4 22. c5 Be6 23. R1e4 Bd5 24. Rxe8+ Rxe8 25. Rxd4 bxc5 26. Ra4 Rb8 27. b3 Rb4 28. Rxa7 Rxf4+ 29. Ke3 Rf6 30. a4 Bxg2 31. a5 Re6+ 32. Kd2 Rd6 33. a6 c4 34. bxc4 c5 35. Ke3 g5 36. Be2 Re6+ 37. Kf2 Be4 38. Bd3 Bh1 39. Kg3 Kg7 40. Bf1 Be4 41. Bd3 Bh1 42. Bf5 Rd6 43. Bc8 h5 44. Bb7 Bxb7 45. axb7 Rb6 46. Kf3 Rb4 47. Ke4 Rxc4+ 48. Kd5 Rb4 49. Kxc5 Rb2 50. c4 g4 51. Kc6 h4 52. Ra5 Rxb7 53. Kxb7 Kg6 54. c5 f5 55. c6 g3 56. hxg3 hxg3 57. c7 g2 58. Ra1 f4 59. c8Q 1-0

[Event "EU-ch U14 Girls"]
[Site "Bratislava"]
[Date "2019.08.06"]
[Round "5"]
[White "Reuter, Elisa"]
[Black "Minaeva, Juliana"]
[Result "1-0"]
[WhiteElo "1930"]
[BlackElo "1733"]
[PlyCount "83"]
[EventDate "2019.08.02"]
[EventType "swiss"]
[EventRounds "9"]
[EventCountry "SVK"]
[SourceTitle "EXT 2020"]
[Source "ChessBase"]
[SourceDate "2019.10.17"]
[SourceVersion "1"]
[SourceVersionDate "2019.10.17"]
[SourceQuality "1"]

1. e4 c5 2. Nf3 d6 3. d4 cxd4 4. Nxd4 Nf6 5. Nc3 a6 6. Be2 e5 7. Nb3 Be7 8. 0-0 0-0 9. f4 b5 10. a3 Nc6 11. f5 Bb7 12. Bf3 Rc8 13. Kh1 Nd7 14. Be3 Na5 15. Nxa5 Qxa5 16. Qe1 Qd8 17. Rd1 Nb6 18. Bxb6 Qxb6 19. Qd2 h6 20. Bg4 f6 21. Bh5 Qc5 22. Rf3 b4 23. axb4 Qc4 24. Rg3 Kh7 25. Bg6+ Kg8 26. Bh5 Kh7 27. Bg6+ Kg8 28. b3 Qc7 29. Qe2 Rfd8 30. b5 a5 31. Qg4 Bf8 32. Qe2 d5 33. exd5 Bb4 34. b6 Qc5 35. Ne4 Qxc2 36. Qg4 Kh8 37. Bf7 Bf8 38. Be6 Rxd5 39. Bxd5 Bxd5 40. Rxd5 Qb1+ 41. Rd1 Rc1 42. Nf2 1-0

[Event "EU-ch U14 Girls"]
[Site "Bratislava"]
[Date "2019.08.05"]
[Round "4"]
[White "Minaeva, Juliana"]
[Black "Mihelic, Vesna"]
[Result "1/2-1/2"]
[WhiteElo "1733"]
[BlackElo "1831"]
[PlyCount "69"]
[EventDate "2019.08.02"]
[EventType "swiss"]
[EventRounds "9"]
[EventCountry "SVK"]
[SourceTitle "EXT 2020"]
[Source "ChessBase"]
[SourceDate "2019.10.17"]
[SourceVersion "1"]
[SourceVersionDate "2019.10.17"]
[SourceQuality "1"]

1. d4 d5 2. Bf4 Nf6 3. e3 c5 4. c3 Nc6 5. Nd2 Bf5 6. Ngf3 e6 7. Qb3 Qb6 8. Qxb6 axb6 9. Bc7 Nd7 10. Bb5 Rc8 11. Bg3 f6 12. 0-0 Be7 13. Rfe1 Na7 14. Bf1 Kf7 15. a4 Bd8 16. c4 Bc7 17. Nh4 Bxg3 18. hxg3 Bg6 19. dxc5 bxc5 20. Nhf3 Nc6 21. cxd5 exd5 22. Bb5 Nde5 23. b3 Nb4 24. Re2 Ned3 25. e4 Rhd8 26. exd5 Nxd5 27. Bc4 Kf8 28. Nh4 Ne5 29. Nxg6+ hxg6 30. Bxd5 Rxd5 31. Nf3 Re8 32. Rae1 Nxf3+ 33. gxf3 Rxe2 34. Rxe2 Rd4 35. Re4 1/2-1/2

[Event "EU-ch U14 Girls"]
[Site "Bratislava"]
[Date "2019.08.02"]
[Round "1"]
[White "Zrmanovska, Mihaela"]
[Black "Minaeva, Juliana"]
[Result "0-1"]
[WhiteElo "1248"]
[BlackElo "1733"]
[PlyCount "90"]
[EventDate "2019.08.02"]
[EventType "swiss"]
[EventRounds "9"]
[EventCountry "SVK"]
[SourceTitle "EXT 2020"]
[Source "ChessBase"]
[SourceDate "2019.10.17"]
[SourceVersion "1"]
[SourceVersionDate "2019.10.17"]
[SourceQuality "1"]

1. e4 c5 2. Nf3 d6 3. d4 cxd4 4. Nxd4 Nf6 5. Nc3 a6 6. Be3 e5 7. Nb3 Be6 8. Be2 Be7 9. 0-0 0-0 10. f4 Qc7 11. Qe1 b5 12. a3 Nbd7 13. Qg3 Kh8 14. Nd2 Nc5 15. f5 Bc8 16. Qf3 Bb7 17. Bd3 Rad8 18. g4 d5 19. g5 d4 20. gxf6 Bxf6 21. Ne2 dxe3 22. Qxe3 Nxd3 23. cxd3 Qc2 24. Nc1 Be7 25. Ncb3 Qxd3 26. Rfe1 Qxe3+ 27. Rxe3 Bg5 28. Re2 Bxd2 29. Nxd2 Rd4 30. Rae1 Rfd8 31. Nf3 R4d7 32. Nxe5 Re7 33. Ng4 Rde8 34. Nf2 f6 35. Kg2 Re5 36. Nd3 Bxe4+ 37. Rxe4 Rxe4 38. Rc1 Re2+ 39. Kg1 Rd2 40. Rc3 g6 41. fxg6 hxg6 42. b4 Re3 43. Rc8+ Kg7 44. Nf2 Re1+ 45. Kg2 Ree2 0-1